[Event "WC-2021-S-00003"]
[Site "LSS email"]
[Date "2021.04.03"]
[Round "?"]
[White "Bergmann, Michael"]
[Black "Dutra, Alfredo"]
[Result "1/2-1/2"]
[WhiteElo "2453"]
[BlackElo "2452"]
[PlyCount "80"]
[EventDate "2021.04.03"]
[EventType "tourn (corr)"]
[EventRounds "6"]
[EventCountry "GER"]
[SourceTitle "Corr 2024"]
[Source "ChessBase"]
[SourceDate "2023.10.19"]
[SourceVersion "1"]
[SourceVersionDate "2023.10.19"]
[SourceQuality "1"]

1. e4 c5 2. Nf3 d6 3. d4 cxd4 4. Nxd4 Nf6 5. Nc3 a6 6. Be3 e5 7. Nb3 Be7 8. f3 Be6 9. Qd2 h5 10. Nd5 Nxd5 11. exd5 Bf5 12. Be2 a5 13. a4 0-0 14. 0-0 Nd7 15. f4 exf4 16. Bxf4 Rc8 17. c3 Nf6 18. Be3 Be4 19. Bd4 Nd7 20. Bxh5 Bg5 21. Qf2 Bxd5 22. Nd2 Bh4 23. Qf4 Bf6 24. Rae1 Be5 25. Qf2 Qf6 26. Bxe5 Qxf2+ 27. Rxf2 Nxe5 28. Re3 Rce8 29. Bd1 Re6 30. h4 Rb8 31. b3 Rc8 32. Nf1 Rc5 33. Rd2 Bc6 34. Bc2 Rd5 35. Rd4 Rc5 36. Rd2 Nd7 37. Rxe6 fxe6 38. c4 d5 39. cxd5 Bxd5 40. Ne3 Bc6 1/2-1/2

[Event "WC-2021-S-00003"]
[Site "LSS email"]
[Date "2021.04.03"]
[Round "?"]
[White "Dutra, Alfredo"]
[Black "Muniz, Alberto"]
[Result "1/2-1/2"]
[WhiteElo "2452"]
[BlackElo "2361"]
[PlyCount "91"]
[EventDate "2021.04.03"]
[EventType "tourn (corr)"]
[EventRounds "6"]
[EventCountry "GER"]
[SourceTitle "Corr 2024"]
[Source "ChessBase"]
[SourceDate "2023.10.19"]
[SourceVersion "1"]
[SourceVersionDate "2023.10.19"]
[SourceQuality "1"]

1. c4 e5 2. Nc3 Nf6 3. Nf3 Nc6 4. g3 Bc5 5. Bg2 d6 6. 0-0 0-0 7. e3 Bb6 8. d3 h6 9. b3 Bf5 10. h3 Bh7 11. Na4 d5 12. c5 Ba5 13. Bb2 e4 14. dxe4 dxe4 15. Qxd8 Raxd8 16. Ne5 Nxe5 17. Bxe5 Nd7 18. Bd4 c6 19. b4 Bc7 20. b5 Ne5 21. b6 axb6 22. cxb6 Bd6 23. Nc5 Bxc5 24. Bxc5 Rfe8 25. Bb4 Nd7 26. Rfd1 c5 27. Ba5 Bf5 28. Rd6 Re6 29. Rd2 Re7 30. a4 Ra8 31. Bc3 Nxb6 32. a5 Nc4 33. Rd5 Be6 34. Rxc5 b6 35. axb6 Rxa1+ 36. Bxa1 Nxb6 37. Rc6 Nd7 38. g4 Re8 39. Rc7 Nf6 40. Kh2 Ba2 41. Kg3 Nh7 42. h4 Nf8 43. Rc1 Kh7 44. Bc3 Bd5 45. Ra1 Bb7 46. Ra7 1/2-1/2

[Event "WC-2020-S-00001"]
[Site "LSS email"]
[Date "2020.04.01"]
[Round "?"]
[White "Dutra, Alfredo"]
[Black "Kireev, Sergey Ivanovich"]
[Result "1/2-1/2"]
[WhiteElo "2454"]
[BlackElo "2397"]
[PlyCount "94"]
[EventDate "2020.04.01"]
[EventType "tourn (corr)"]
[EventRounds "12"]
[EventCountry "GER"]
[SourceTitle "Corr 2022"]
[Source "ChessBase"]
[SourceDate "2021.10.24"]
[SourceVersion "1"]
[SourceVersionDate "2021.10.24"]
[SourceQuality "1"]

1. e4 e5 2. Nf3 Nc6 3. Bc4 Bc5 4. 0-0 Nf6 5. d3 d6 6. Re1 Nd4 7. a4 Nxf3+ 8. Qxf3 a5 9. Be3 Bxe3 10. Qxe3 0-0 11. h3 Be6 12. Na3 Nh5 13. Rad1 Bxc4 14. Nxc4 Qe8 15. b3 Nf4 16. d4 f6 17. Kh2 b6 18. f3 Qf7 19. Qf2 Rae8 20. Ne3 g6 21. Qf1 Kg7 22. Qb5 h6 23. Rd2 Kg8 24. Qf1 Kh7 25. Rdd1 Kg7 26. Qf2 Kh7 27. Qd2 Kg7 28. Rf1 Qd7 29. Rfe1 h5 30. Qf2 Ne6 31. c3 b5 32. dxe5 fxe5 33. axb5 Qxb5 34. Qa2 Ra8 35. Ra1 Nc5 36. Rab1 Qd7 37. Nd5 Rfb8 38. Qc2 Ra7 39. Red1 c6 40. b4 cxd5 41. bxc5 Rxb1 42. Qxb1 dxc5 43. Rxd5 Qc7 44. Qb5 a4 45. Rxc5 Qf7 46. Rc8 Qf4+ 47. Kg1 Qc1+ 1/2-1/2

[Event "WC-2020-S-00001"]
[Site "LSS email"]
[Date "2020.04.01"]
[Round "?"]
[White "Dutra, Alfredo"]
[Black "Simmelink, Joop Theo"]
[Result "1/2-1/2"]
[WhiteElo "2454"]
[BlackElo "2457"]
[PlyCount "80"]
[EventDate "2020.04.01"]
[EventType "tourn (corr)"]
[EventRounds "12"]
[EventCountry "GER"]
[SourceTitle "Corr 2022"]
[Source "ChessBase"]
[SourceDate "2021.10.24"]
[SourceVersion "1"]
[SourceVersionDate "2021.10.24"]
[SourceQuality "1"]

1. d4 d5 2. c4 c6 3. Nf3 Nf6 4. Nc3 e6 5. Bg5 h6 6. Bxf6 Qxf6 7. e3 g6 8. Bd3 Bg7 9. 0-0 0-0 10. cxd5 exd5 11. b4 Be6 12. Rc1 Nd7 13. Ne2 a6 14. Nd2 Bf5 15. Bxf5 Qxf5 16. Qc2 Qe6 17. Rb1 g5 18. Nc1 f5 19. Nd3 Rae8 20. Rbe1 Nf6 21. Nf3 Ne4 22. Nfe5 h5 23. a4 Qh6 24. f4 Bxe5 25. dxe5 h4 26. fxg5 Qxg5 27. Rf3 Qh6 28. Qe2 Ng5 29. Rff1 Re7 30. Qb2 h3 31. Re2 hxg2 32. Rxg2 Rg7 33. Kh1 Ne6 34. Rxg7+ Kxg7 35. Rf3 Kf7 36. Nf4 Nxf4 37. exf4 Rg8 38. Qf2 Qh5 39. h3 Ke6 40. Kh2 Rg7 1/2-1/2

[Event "WC-2020-S-00001"]
[Site "LSS email"]
[Date "2020.04.01"]
[Round "?"]
[White "Sidenko, Anatoly"]
[Black "Dutra, Alfredo"]
[Result "0-1"]
[WhiteElo "2361"]
[BlackElo "2454"]
[PlyCount "58"]
[EventDate "2020.04.01"]
[EventType "tourn (corr)"]
[EventRounds "12"]
[EventCountry "GER"]
[SourceTitle "Corr 2022"]
[Source "ChessBase"]
[SourceDate "2021.10.24"]
[SourceVersion "1"]
[SourceVersionDate "2021.10.24"]
[SourceQuality "1"]

1. d4 d5 2. c4 e6 3. Nc3 c6 4. e3 Nf6 5. Nf3 Nbd7 6. Qc2 Bd6 7. b3 0-0 8. Bb2 e5 9. dxe5 Nxe5 10. cxd5 cxd5 11. Nb5 Bb4+ 12. Bc3 Bxc3+ 13. Nxc3 Qc7 14. Nd4 Bd7 15. Ne4 Qd8 16. Nxf6+ Qxf6 17. Be2 Rac8 18. Qd2 Qg6 19. Kf1 Qf6 20. Rd1 Nc6 21. g4 Rfe8 22. Rg1 Re4 23. Nxc6 bxc6 24. Rg3 Qe7 25. Qa5 Be6 26. h3 Rb4 27. Ba6 Rc7 28. Kg1 c5 29. Bf1 h6 0-1

[Event "WC-2020-S-00001"]
[Site "LSS email"]
[Date "2020.04.01"]
[Round "?"]
[White "Simmelink, Joop Theo"]
[Black "Dutra, Alfredo"]
[Result "1/2-1/2"]
[WhiteElo "2457"]
[BlackElo "2454"]
[PlyCount "79"]
[EventDate "2020.04.01"]
[EventType "tourn (corr)"]
[EventRounds "12"]
[EventCountry "GER"]
[SourceTitle "Corr 2022"]
[Source "ChessBase"]
[SourceDate "2021.10.24"]
[SourceVersion "1"]
[SourceVersionDate "2021.10.24"]
[SourceQuality "1"]

1. d4 d5 2. c4 e6 3. Nf3 Nf6 4. g3 dxc4 5. Bg2 a6 6. 0-0 Nc6 7. e3 Bd7 8. Qe2 b5 9. b3 cxb3 10. axb3 Bd6 11. Bb2 0-0 12. Rc1 Ra7 13. Ne5 Nb4 14. Nc3 Be8 15. Nf3 h6 16. e4 Be7 17. Ne5 c5 18. dxc5 Rc7 19. Na2 Nxa2 20. Rxa2 Bxc5 21. Nd3 Be7 22. Rxc7 Qxc7 23. Rxa6 Qb7 24. Ra1 Bc6 25. Rc1 Rc8 26. h4 Be8 27. Rxc8 Qxc8 28. Qd2 Bc6 29. f3 Qd8 30. Bc3 Nh5 31. Kh2 Bb7 32. Qe3 b4 33. Be1 Ba6 34. Nxb4 Bxb4 35. Bxb4 Nxg3 36. Kxg3 Qb8+ 37. Kf2 Qxb4 38. Bf1 Bxf1 39. Kxf1 Qe7 40. Qf2 1/2-1/2

[Event "WC-2020-S-00001"]
[Site "LSS email"]
[Date "2020.04.01"]
[Round "?"]
[White "Szabo, Vilmos"]
[Black "Dutra, Alfredo"]
[Result "1/2-1/2"]
[WhiteElo "2404"]
[BlackElo "2454"]
[PlyCount "85"]
[EventDate "2020.04.01"]
[EventType "tourn (corr)"]
[EventRounds "12"]
[EventCountry "GER"]
[SourceTitle "Corr 2022"]
[Source "ChessBase"]
[SourceDate "2021.10.24"]
[SourceVersion "1"]
[SourceVersionDate "2021.10.24"]
[SourceQuality "1"]

1. d4 d5 2. c4 e6 3. Nf3 Nf6 4. e3 c6 5. Nc3 Nbd7 6. Qc2 Bd6 7. Bd3 dxc4 8. Bxc4 a6 9. 0-0 0-0 10. e4 e5 11. Rd1 Qc7 12. h3 b5 13. Bf1 Bb7 14. dxe5 Nxe5 15. Nd4 Ng6 16. Nf5 Bh2+ 17. Kh1 Be5 18. Be3 Ne7 19. Nxe7+ Qxe7 20. f3 Rac8 21. Rac1 Rfd8 22. Ne2 Rxd1 23. Rxd1 c5 24. b3 c4 25. bxc4 Rxc4 26. Qd2 Rc8 27. Bf4 g6 28. a3 Bxf4 29. Nxf4 Ne8 30. Qa5 h5 31. Nd3 Ng7 32. Nf4 Qf6 33. Nd3 Qd4 34. Qb4 Ne6 35. Qxd4 Nxd4 36. Nf4 Nb3 37. h4 Kf8 38. Kg1 Ke7 39. e5 Nc5 40. Rc1 Nb3 41. Rd1 Nc5 42. Rc1 Nb3 43. Rd1 1/2-1/2

[Event "WC-2020-S-00001"]
[Site "LSS email"]
[Date "2020.04.01"]
[Round "?"]
[White "Wosch, Arkadiusz Janusz"]
[Black "Dutra, Alfredo"]
[Result "1/2-1/2"]
[WhiteElo "2383"]
[BlackElo "2454"]
[PlyCount "90"]
[EventDate "2020.04.01"]
[EventType "tourn (corr)"]
[EventRounds "12"]
[EventCountry "GER"]
[SourceTitle "Corr 2022"]
[Source "ChessBase"]
[SourceDate "2021.10.24"]
[SourceVersion "1"]
[SourceVersionDate "2021.10.24"]
[SourceQuality "1"]

1. e4 e5 2. Nf3 Nc6 3. Bc4 Bc5 4. c3 Nf6 5. d3 d6 6. 0-0 0-0 7. Re1 Ng4 8. Re2 Nf6 9. Nbd2 Bb6 10. Nf1 Be6 11. Bxe6 fxe6 12. a4 Nh5 13. b4 a5 14. b5 Nb8 15. Rc2 Qf6 16. N1d2 Nd7 17. Nc4 Rac8 18. Nxb6 cxb6 19. Be3 Qg6 20. Nh4 Qf7 21. g3 Nhf6 22. Ng2 d5 23. f3 h6 24. Qe2 Rc7 25. Ne1 Rfc8 26. Qd2 Nc5 27. Qd1 Ncd7 28. Ra3 Rf8 29. Rf2 Rfc8 30. Qc2 Kh8 31. Kg2 Qe8 32. Qb2 Kg8 33. Re2 Qh5 34. Bf2 Qf7 35. Be3 Rf8 36. Rf2 Rfc8 37. Bc1 Qg6 38. Re2 Qf7 39. Be3 Qh5 40. Bf2 Nh7 41. Qa2 Qf7 42. Qd2 Nhf6 43. Be3 Qf8 44. Qb2 Qf7 45. Rf2 Qg6 1/2-1/2

[Event "WC-2019-Q-00006"]
[Site "LSS email"]
[Date "2019.08.28"]
[Round "?"]
[White "Bernal Varela, Nelson"]
[Black "Dutra, Alfredo"]
[Result "1/2-1/2"]
[WhiteElo "2406"]
[BlackElo "2456"]
[PlyCount "65"]
[EventDate "2019.09.01"]
[EventType "tourn (corr)"]
[EventRounds "12"]
[EventCountry "GER"]
[SourceTitle "Corr 2022"]
[Source "ChessBase"]
[SourceDate "2021.10.24"]
[SourceVersion "1"]
[SourceVersionDate "2021.10.24"]
[SourceQuality "1"]

1. e4 c5 2. Nf3 d6 3. Bb5+ Nd7 4. 0-0 a6 5. Be2 Ngf6 6. d3 b6 7. Bf4 Bb7 8. Re1 g6 9. c4 Bg7 10. Nc3 Nf8 11. Bd2 Ne6 12. a4 a5 13. Nb5 0-0 14. Bc3 Nf4 15. Bf1 Qd7 16. Bd2 Ne6 17. Bc3 Nc7 18. g3 e5 19. Nxc7 Qxc7 20. Bh3 Kh8 21. Qd2 Ng8 22. Nh4 Ne7 23. f4 exf4 24. Qxf4 Be5 25. Nf3 f6 26. Qh6 Ng8 27. Qd2 Rae8 28. Rf1 Ne7 29. Qh6 Ng8 30. Qc1 Ne7 31. Qh6 Ng8 32. Qd2 Ne7 33. Qh6 1/2-1/2

[Event "WC-2019-Q-00006"]
[Site "LSS email"]
[Date "2019.08.28"]
[Round "?"]
[White "Dutra, Alfredo"]
[Black "Bernal Varela, Nelson"]
[Result "1/2-1/2"]
[WhiteElo "2456"]
[BlackElo "2406"]
[PlyCount "107"]
[EventDate "2019.09.01"]
[EventType "tourn (corr)"]
[EventRounds "12"]
[EventCountry "GER"]
[SourceTitle "Corr 2022"]
[Source "ChessBase"]
[SourceDate "2021.10.24"]
[SourceVersion "1"]
[SourceVersionDate "2021.10.24"]
[SourceQuality "1"]

1. Nf3 e6 2. e3 b6 3. g3 d5 4. Bg2 Bb7 5. b3 Nf6 6. 0-0 Be7 7. d3 c5 8. c4 dxc4 9. bxc4 Nc6 10. Qe2 0-0 11. Rd1 Qc7 12. Nc3 Rfd8 13. Rb1 a6 14. Ne1 Rab8 15. Bd2 Na7 16. e4 Nd7 17. f4 Nc6 18. Qf2 Nd4 19. Be3 h6 20. h3 Bc6 21. a4 Nf8 22. Rdc1 Ng6 23. Rd1 Nf8 24. e5 Nf5 25. Rd2 f6 26. Bxc6 Qxc6 27. Nf3 Ng6 28. exf6 Bxf6 29. Ne4 Qxa4 30. Nxf6+ gxf6 31. g4 Nxe3 32. Qxe3 Qd7 33. d4 Qc7 34. f5 exf5 35. Qxh6 Qg7 36. Qxg7+ Kxg7 37. gxf5 Ne7 38. dxc5 bxc5 39. Rxb8 Rxb8 40. Rd7 Kf8 41. Rd6 Rb1+ 42. Kf2 Rb2+ 43. Ke1 Kf7 44. Rd7 Rb6 45. Nd2 Ke8 46. Rc7 Nxf5 47. Rxc5 Re6+ 48. Kf1 Nd4 49. h4 Kf7 50. Rd5 Nc6 51. h5 Ne5 52. c5 a5 53. Rd4 Kg7 54. Ra4 1/2-1/2

[Event "WC-2019-Q-00006"]
[Site "LSS email"]
[Date "2019.08.28"]
[Round "?"]
[White "Kushnaryov, Andrey"]
[Black "Dutra, Alfredo"]
[Result "1/2-1/2"]
[WhiteElo "2222"]
[BlackElo "2456"]
[PlyCount "87"]
[EventDate "2019.09.01"]
[EventType "tourn (corr)"]
[EventRounds "12"]
[EventCountry "GER"]
[SourceTitle "Corr 2022"]
[Source "ChessBase"]
[SourceDate "2021.10.24"]
[SourceVersion "1"]
[SourceVersionDate "2021.10.24"]
[SourceQuality "1"]

1. d4 e6 2. e4 d5 3. Nd2 c5 4. exd5 Qxd5 5. Ngf3 cxd4 6. Bc4 Qd8 7. 0-0 a6 8. Nb3 Nf6 9. Nbxd4 Bc5 10. c3 0-0 11. Bb3 Nbd7 12. Re1 Re8 13. Bf4 Nf8 14. Bg3 Ng6 15. Qe2 Bd6 16. Rad1 Bxg3 17. hxg3 Bd7 18. Ng5 Qa5 19. Ne4 Nxe4 20. Qxe4 Rab8 21. Rd2 Ba4 22. Nf3 Bxb3 23. axb3 Qb6 24. b4 a5 25. bxa5 Qxa5 26. g4 h6 27. Red1 Qb5 28. g3 Ra8 29. Kg2 Ra2 30. Qb1 Rea8 31. Qc2 Rc8 32. Re1 Rb8 33. Qb1 Ra4 34. Re4 Rxe4 35. Qxe4 Ra8 36. g5 hxg5 37. c4 Qb4 38. Rd7 Qxb2 39. Rxb7 Qf6 40. c5 g4 41. Qxg4 Rc8 42. Ng5 Ne5 43. Qh5 Qf5 44. g4 1/2-1/2